Návrh diagnostického algoritmu v akútnom štádiu ložiskovej ischémie mozgu

Bibliographic Details
Main Authors: Kurča, Egon, 1964- (Author), Nosáľ, Vladimír, 1973- (Author), Michalik, Jozef, 1959- (Author), Poláček, Hubert, 1952- (Author), Zeleňák, Kamil, 1973- (Author), Cisáriková, V. (Author)
Format: Article
Language:Slovak
ISSN:1335-9592
Subjects:

MARC

LEADER 00000nab a2200000 a 4500
001 vtls000888488
003 SK-MaSNL
005 20260302165901.0
008 141006c2004 xo 0 slo
015 |a SNBRB2004/10-30568 
035 |a CLN000239923 
040 |a SNKBUCL  |b slo  |c SNKBUCL  |e AACR2 
041 0 |a slo 
044 |a xo  |c SK 
080 |a 616.831-005.4-036.111-073:061.3  |2 1997 
245 0 0 |a Návrh diagnostického algoritmu v akútnom štádiu ložiskovej ischémie mozgu  |c V. Nosáľ ... [et al.] 
650 0 7 |a choroba akútna  |2 MESH  |9 871258 
650 0 7 |a zobrazenie diagnostické  |x metódy  |x využitie  |2 MESH  |9 838961 
650 0 7 |a zobrazenie difúznou magnetickou rezonanciou  |2 MESH  |9 871259 
650 0 7 |a infarkt mozgu  |x diagnostika  |2 MESH  |9 871260 
650 0 7 |a techniky diagnostické neurologické  |2 MESH  |9 871261 
650 0 7 |a abstrakty z kongresu  |2 MESH  |9 168204 
655 7 |a články z novín a časopisov  |2 snkbucl  |9 267496 
700 1 |a Kurča, Egon,  |d 1964-  |4 aut  |9 197443 
700 1 |a Nosáľ, Vladimír,  |d 1973-  |4 aut  |9 27995 
700 1 |a Michalik, Jozef,  |d 1959-  |4 aut  |9 178667 
700 1 |a Poláček, Hubert,  |d 1952-  |4 aut  |9 200678 
700 1 |a Zeleňák, Kamil,  |d 1973-  |4 aut  |9 197670 
700 1 |a Cisáriková, V.  |4 aut  |9 871253 
773 0 |t Neurológia pre prax  |g pr. k č. 2/2004, Abstrakty (2004), s. 10-11  |x 1335-9592 
850 |a Slovenská národná knižnica v Martine 
852 |a SNK  |b KIS3GCP 
958 |a MI 
999 |c 1391221  |d 1393151